Espectrometria de masas, tablas espectroscopicas, problemas combinados
| Main Author: | |
|---|---|
| Format: | Section = Libro |
| Language: | Undetermined Spanish |
| Published: |
LaHabana
Universidad de La Habana
1982
|
| Subjects: |
| LEADER | 00529nam a2200181Ia 4500 | ||
|---|---|---|---|
| 008 | 240830s9999 xx 000 0 und d | ||
| 040 | |a CEDOC FIQ-RUSB / 543.0873 E77 | ||
| 041 | |a spa | ||
| 082 | |a 543.0873 E77 | ||
| 100 | 1 | |a Padrón, Gabriel | |
| 245 | 1 | 0 | |a Espectrometria de masas, tablas espectroscopicas, problemas combinados |
| 260 | |a LaHabana |b Universidad de La Habana |c 1982 | ||
| 300 | |a 191 p. :il | ||
| 650 | 7 | |a ESPECTROMETRIA DE MASAS | |
| 650 | 7 | |b PROBLEMAS-ESPECTROMETRIA | |
| 942 | |c BK |2 ddc | ||
| 991 | |a TEXTO | ||
| 999 | |c 13297 | ||